MicroSWAT III Test Generator and Grade Book
Na minha lista:
| Autor principal: | |
|---|---|
| Outros Autores: | , |
| Formato: | Livro |
| Idioma: | inglês |
| Publicado em: |
Cincinnati
South-Western Publ. Co.
1991
|
| Edição: | 1. ed. |
| Assuntos: | |
| Tags: |
Sem tags, seja o primeiro a adicionar uma tag!
|
MARC
| LEADER | 00000nam a2200000 4500 | ||
|---|---|---|---|
| 001 | c010790 | ||
| 005 | 20221214101649.9 | ||
| 020 | |a 0-538-24040-7 | ||
| 041 | 0 | |a eng | |
| 044 | |a US | ||
| 245 | 1 | 0 | |a MicroSWAT III |b Test Generator and Grade Book |c Barbara Hite, Gene Hite, Gary Eerkes |
| 250 | |a 1. ed. | ||
| 264 | 1 | |a Cincinnati |b South-Western Publ. Co. |c 1991 | |
| 300 | |a 140 s. |e 5 diskiet | ||
| 610 | 2 | 0 | |a softvér |
| 610 | 2 | 0 | |a jazyky programovacie |
| 610 | 2 | 0 | |a programovanie |
| 100 | 1 | |a Hite, Barbara | |
| 700 | 1 | |a Hite, Gene | |
| 700 | 1 | |a Eerkes, Gary | |